Proyecto para la implementación de las comunidades virtuales de aprendizaje en el contexto de la municipalización de la educación universitaria en la República Bolivariana de Venezuela
Presenta un proyecto para la implementación de las comunidades virtuales de aprendizaje.
Αποθηκεύτηκε σε:
| Κύριος συγγραφέας: | |
|---|---|
| Συγγραφή απο Οργανισμό/Αρχή: | |
| Άλλοι συγγραφείς: | |
| Μορφή: | Ηλ. βιβλίο |
| Γλώσσα: | Ισπανικά |
| Έκδοση: |
La Habana :
Instituto Pedagógico Latinoamericano y Caribeño (IPLAC),
2012.
|
| Θέματα: | |
| Διαθέσιμο Online: | https://elibro.unach.elogim.com/es/lc/unach/titulos/86199 |
| Ετικέτες: |
Προσθήκη ετικέτας
Δεν υπάρχουν, Καταχωρήστε ετικέτα πρώτοι!
|
MARC
| LEADER | 00000nam a2200000 a 4500 | ||
|---|---|---|---|
| 001 | ELB86199 | ||
| 003 | FlNmELB | ||
| 006 | m o d | | ||
| 007 | cr cn||||||||| | ||
| 008 | 201201r2012 cu |||||s|||||||||||spa d | ||
| 024 | 8 | |z 71210129110 | |
| 035 | |a (MiAaPQ)EBC3204753 | ||
| 035 | |a (Au-PeEL)EBL3204753 | ||
| 035 | |a (CaPaEBR)ebr10625938 | ||
| 035 | |a (OCoLC)929394112 | ||
| 040 | |a FlNmELB |b spa |c FlNmELB | ||
| 050 | 4 | |a LB2300 |b R9342 2012 | |
| 080 | |a 378 | ||
| 082 | 0 | 4 | |a 378 |2 22 |
| 100 | 1 | |a Ruiz Briceño, María Antonieta. | |
| 245 | 1 | 0 | |a Proyecto para la implementación de las comunidades virtuales de aprendizaje en el contexto de la municipalización de la educación universitaria en la República Bolivariana de Venezuela |h [recurso electronico] |c María Antonieta Ruiz Briceño. |
| 260 | |a La Habana : |b Instituto Pedagógico Latinoamericano y Caribeño (IPLAC), |c 2012. | ||
| 300 | |a 203 p. | ||
| 500 | |a Tesis (doctorado)- Instituto Pedagógico Latinoamericano y Caribeño (IPLAC). | ||
| 520 | |a Presenta un proyecto para la implementación de las comunidades virtuales de aprendizaje. | ||
| 533 | |a Recurso electrónico. Santa Fe, Arg.: e-libro, 2015. Disponible vía World Wide Web. El acceso puede estar limitado para las bibliotecas afiliadas a e-libro. | ||
| 650 | 4 | |a Education. |x Higher. | |
| 650 | 4 | |a Educación. |x Educación superior. | |
| 650 | 4 | |a Foreign language study. |x English as a second language. | |
| 650 | 4 | |a Estudio de lenguas extranjeras. |x Inglés como segundo idioma. | |
| 655 | 4 | |a Libros electrónicos. | |
| 700 | 1 | |a Piñón González, Josefina. |4 drt | |
| 710 | 2 | |a e-libro, Corp. | |
| 856 | 4 | 0 | |u https://elibro.unach.elogim.com/es/lc/unach/titulos/86199 |